000 00495nam a2200181Ia 4500
005 20250326123935.0
008 250326s9999 xx 000 0 und d
037 _aTextbook
040 _aFMSL
_beng
_cFMSL
041 _aeng
_2eng
084 _aT(X8) K1;1
_qFMSL
100 _aMC Gehee W
245 0 _aTraining in business and industry
_cMC Gehee W; Thayer P W
260 _aNY
_bNY, John Wiley
_c1961
300 _a305p
942 _cTB
_hT(X8) K1;1
999 _c1271580
_d1271580